Kapitoly z dějín sociálního myšlení 1
Salvato in:
| Autore principale: | |
|---|---|
| Natura: | Libro |
| Lingua: | ceco |
| Pubblicazione: |
Praha
Aleko
1991
|
| Serie: | Prameny a nové proudy právní vědy
|
| Soggetti: | |
| Tags: |
Nessun Tag, puoi essere il primo ad aggiungerne!!
|
MARC
| LEADER | 00000nam a2200000 4500 | ||
|---|---|---|---|
| 001 | c002357 | ||
| 005 | 20250929124106.2 | ||
| 020 | |a 80-85341-15-8 | ||
| 041 | 0 | |a cze | |
| 044 | |a CZ | ||
| 245 | 1 | 0 | |a Kapitoly z dějín sociálního myšlení 1 |c Ivan Babouček |
| 264 | 1 | |a Praha |b Aleko |c 1991 | |
| 300 | |a 93 s. | ||
| 490 | 1 | |a Prameny a nové proudy právní vědy | |
| 830 | 0 | |a Prameny a nové proudy právní vědy | |
| 610 | 2 | 0 | |a dejiny myslenia ekonomického |
| 610 | 2 | 0 | |a teórie ekonomické |
| 610 | 2 | 0 | |a starostlivosť sociálna |
| 610 | 2 | 0 | |a náboženstvo |
| 100 | 1 | |a Babouček, Ivan | |